000 00285nam a22001217a 4500
008 181101b xxu||||| |||| 00| 0 eng d
041 _aeng
080 _a616.12
100 _a7
101 _aKARD
245 _aFundamentals of Clinical Electrocardiography
_cGeigy,D
942 _2udc
_cBK
999 _c51500
_d51500